A book of burlesques /

Bibliographic Details
Main Author: Mencken, H. L. (Henry Louis), 1880-1956
Format: Book
Language:English
Published: New York : A. A. Knopf, [1920]

MARC

Tag First Indicator Second Indicator Subfields
LEADER 00000cam a2200000 4500
001 in00000022165
005 20151007063904.0
008 750321r1920 nyu 00010 eng u
010 |a  20026583  
035 |a (OCoLC)01228322 
035 |9 AAD8511AM 
040 |c IYU  |d TXA  |d UtOrBLW 
049 |a TXAM  |c [38955] 
050 0 0 |a PS3525.E43  |b B6 1920 
092 |a 814  |b M536b 
100 1 |a Mencken, H. L.  |q (Henry Louis),  |d 1880-1956. 
245 1 2 |a A book of burlesques /  |c by H. L. Mencken. 
264 1 |a New York :  |b A. A. Knopf,  |c [1920] 
264 4 |c [©1920] 
300 |a 233 pages, 2 . ;  |c 20 cm. 
336 |a text  |b txt  |2 rdacontent 
337 |a unmediated  |b n  |2 rdamedia 
338 |a volume  |b nc  |2 rdacarrier 
500 |a Reprinted in part from various periodicals. 
999 |a MARS 
999 f f |s 9cff4076-dc8c-334e-8b58-7b3445426a86  |i 6f658bf6-8065-32d8-93c3-09a1326797fa  |t 0 
952 f f |p normal  |a Texas A&M University  |b College Station  |c Sterling C. Evans Library  |d Evans: Library Stacks  |t 0  |e PS3525.E43 B6 1920  |h Library of Congress classification  |i unmediated -- volume  |m A14801258700 
998 f f |a PS3525.E43 B6 1920  |t 0  |l Evans: Library Stacks